LEADER 02844nam 2200685Ia 450 001 9910450666803321 005 20200520144314.0 010 $a1-134-71625-7 010 $a1-134-71627-3 010 $a0-203-05835-6 010 $a1-280-33007-4 035 $a(CKB)1000000000253198 035 $a(EBL)169223 035 $a(OCoLC)252796035 035 $a(SSID)ssj0000283551 035 $a(PQKBManifestationID)11205302 035 $a(PQKBTitleCode)TC0000283551 035 $a(PQKBWorkID)10249305 035 $a(PQKB)11218120 035 $a(MiAaPQ)EBC169223 035 $a(PPN)198458428 035 $a(Au-PeEL)EBL169223 035 $a(CaPaEBR)ebr10056043 035 $a(CaONFJC)MIL33007 035 $a(EXLCZ)991000000000253198 100 $a19980514d1998 uy 0 101 0 $aeng 135 $aur|n|---||||| 181 $ctxt 182 $cc 183 $acr 200 00$aRegionalism and global economic integration$b[electronic resource] $eEurope, Asia , and the Americas /$fedited by William D. Coleman and Geoffrey R.D. Underhill 210 $aLondon ;$aNew York $cRoutledge$d1998 215 $a1 online resource (264 p.) 300 $aIncludes papers presented to a workshop in the joint sessions of the European Consortium of Political Research held in Madrid in April 1994. 311 $a0-415-16248-3 311 $a0-415-16247-5 320 $aIncludes bibliographical references and index. 327 $aBook Cover; Title; Copyright; Contents 330 $aThis scholarly and interdisciplinary volume sheds much needed light on the realtionship between national policies, regional integration patterns and the wider global setting. It covers regional patterns in Europe, Asia and the Americas. Individual chapters focus on topics ranging from industrial or financial policies to social welfare regimes, as well as broader assessments and comparisons of regional arrangements in a global context. The chapters point to the diversity of regional patterns in the world economy and the continuing importance of national regulatory structures, yet they also poin 606 $aInternational economic integration 606 $aRegionalism 606 $aInternational economic relations 606 $aInternational relations 608 $aElectronic books. 615 0$aInternational economic integration. 615 0$aRegionalism. 615 0$aInternational economic relations. 615 0$aInternational relations. 676 $a330 676 $a337 701 $aColeman$b William D$g(William Donald),$f1950-$0240826 701 $aUnderhill$b Geoffrey R. D$0126333 801 0$bMiAaPQ 801 1$bMiAaPQ 801 2$bMiAaPQ 906 $aBOOK 912 $a9910450666803321 996 $aRegionalism and global economic integration$92050816 997 $aUNINA LEADER 01366nam 2200385 450 001 996575460403316 005 20230124195654.0 010 $a1-7281-1470-5 035 $a(CKB)4100000008419320 035 $a(WaSeSS)IndRDA00121550 035 $a(EXLCZ)994100000008419320 100 $a20200406d2018 uy 0 101 0 $aeng 135 $aur||||||||||| 181 $ctxt$2rdacontent 182 $cc$2rdamedia 183 $acr$2rdacarrier 200 10$a2018 3rd International Conference on Information Technology Research $e5-7 December 2018, Moratuwa, Sri Lanka /$fIEEE Computer Society 210 1$aPiscataway, New Jersey :$cInstitute of Electrical and Electronics Engineers,$d2018. 215 $a1 online resource (33 pages) 311 $a1-7281-1471-3 606 $aInformation technology$xResearch$vCongresses 606 $aComputer science$xResearch$vCongresses 606 $aCommunication and technology$xResearch$vCongresses 615 0$aInformation technology$xResearch 615 0$aComputer science$xResearch 615 0$aCommunication and technology$xResearch 676 $a004.072 712 02$aIEEE Computer Society, 801 0$bWaSeSS 801 1$bWaSeSS 906 $aPROCEEDING 912 $a996575460403316 996 $a2018 3rd International Conference on Information Technology Research$92545575 997 $aUNISA